00338nam a2200121Ia 4500008004100000100002200041245009600063260001200159260001100171260000900182300000700191650001800198160118s9999 xx 000 0 und d aKulathunga,H.W.U. aBioactivity of Volatile Extract of Brazillian Button Flower (Centratherum Punctatum) Leaves aColombo bIchemc c2011 a55 aButton Flower